|
|
|
|
| LEADER |
00000nam a2200000Ii 4500 |
| 001 |
DIGREVMGM0080 |
| 003 |
NyNyDIG |
| 006 |
m o d |
| 007 |
cr ||||||||||| |
| 008 |
240808s2024 sp ob 000 0 spa d |
| 035 |
|
|
|a (OCoLC)1452248687
|
| 040 |
|
|
|a DGITA
|b eng
|e rda
|e pn
|c DGITA
|
| 020 |
|
|
|a 9788429198140
|q pdf
|
| 020 |
|
|
|a 9788429198133
|q ePub
|
| 020 |
|
|
|z 9788410121003
|q papel
|
| 041 |
1 |
|
|a spa
|h eng
|
| 050 |
1 |
4 |
|a HG4026 ebook
|
| 050 |
1 |
4 |
|a HD30.28 ebook
|
| 050 |
1 |
4 |
|a HD69.T54 ebook
|
| 245 |
0 |
0 |
|a Estuche Serie Management en 20 minutos :
|b principios básicos /
|c traducción, Genís Monrabà Bueno.
|
| 264 |
|
1 |
|a Barcelona :
|b REM, Reverté Management,
|c [2024]
|
| 300 |
|
|
|a 1 online resource.
|
| 336 |
|
|
|a text
|b txt
|2 rdacontent
|
| 337 |
|
|
|a computer
|b c
|2 rdamedia
|
| 338 |
|
|
|a online resource
|b cr
|2 rdacarrier
|
| 347 |
|
|
|a text file
|2 rdaft
|
| 347 |
|
|
|b PDF
|
| 347 |
|
|
|b EPUB
|
| 490 |
1 |
|
|a Serie Management en 20 minutos
|
| 500 |
|
|
|a "Harvard Business Press"
|
| 504 |
|
|
|a Includes bibliographical references.
|
| 505 |
0 |
|
|a Finanzas básicas -- Cómo crear un plan de negocios -- Cómo gestionar tu tiempo.
|
| 588 |
0 |
|
|a Online resource; title from PDF title page (Digitalia, viewed August 8, 2024)
|
| 650 |
|
0 |
|a Corporations
|x Finance
|
| 650 |
|
0 |
|a Managerial accounting.
|
| 650 |
|
0 |
|a Business planning.
|
| 650 |
|
0 |
|a Time management.
|
| 700 |
1 |
|
|a Monrabà, Genís,
|e translator.
|
| 730 |
0 |
|
|i Translation of:
|a Finance basics
|l Spanish
|s (Monrabà)
|
| 730 |
0 |
|
|i Translation of:
|a Creating business plans
|l Spanish
|s (Monrabà)
|
| 730 |
0 |
|
|i Translation of:
|a Managing time
|l Spanish
|s (Monrabà)
|
| 740 |
0 |
2 |
|a Finanzas básicas.
|
| 740 |
0 |
2 |
|a Cómo crear un plan de negocios.
|
| 740 |
0 |
2 |
|a Cómo gestionar tu tiempo.
|
| 791 |
2 |
|
|a Digitalia (Firm),
|e distributor.
|
| 793 |
0 |
|
|g Digitalia eBook Collection:
|a Reverté Management
|
| 776 |
0 |
8 |
|i Print version:
|t Estuche Serie Management en 20 minutos.
|d Barcelona : REM, Reverté Management, [2024]
|z 9788410121003
|
| 830 |
|
0 |
|a 20 minute manager series.
|
| 856 |
4 |
0 |
|3 Digitalia Hispánica
|u https://www.digitaliapublishing.com/a/157260/
|
| 910 |
|
|
|a Premium collection: 2024
|